[Event "Foxwoods Open 2008"]
[Site "Connecticut USA"]
[Date "2008.03.20"]
[Round "3"]
[White "Dougherty, Michael"]
[Black "Times, Jerald W"]
[Result "1/2-1/2"]
[WhiteElo "2296"]
[BlackElo "2172"]
[PlyCount "68"]
[EventDate "2008.03.19"]
[EventType "swiss"]
[EventRounds "9"]
[EventCountry "USA"]
[Source "lmi"]
[SourceDate "2008.03.19"]

1. d4 Nf6 2. Nf3 g6 3. Bg5 Bg7 4. Nbd2 d5 5. c3 Nbd7 6. e3 O-O 7. h4 h6 8. Bf4
c5 9. Bd3 Qb6 10. Qc2 h5 11. Ng5 c4 12. Be2 Qc6 13. f3 Re8 14. e4 e5 15. dxe5
Nxe5 16. O-O dxe4 17. Bxe5 Rxe5 18. Bxc4 Qc5+ 19. Kh1 Rxg5 20. hxg5 Qxg5 21.
Nxe4 Qh4+ 22. Kg1 Bf5 23. Qf2 Qf4 24. Qd2 Qc7 25. Nxf6+ Bxf6 26. Bb3 Rd8 27.
Qe3 Be7 28. Kh1 Bc5 29. Qg5 Be7 30. Qc1 Bd3 31. Re1 Qg3 32. Rxe7 Qh4+ 33. Kg1
Qxe7 34. Qf4 Bf5 1/2-1/2

[Event "Foxwoods Open 2008"]
[Site "Connecticut USA"]
[Date "2008.03.20"]
[Round "3"]
[White "Hua, David A"]
[Black "Rogers, Norman"]
[Result "0-1"]
[WhiteElo "1954"]
[BlackElo "2266"]
[PlyCount "42"]
[EventDate "2008.03.19"]
[EventType "swiss"]
[EventRounds "9"]
[EventCountry "USA"]
[Source "lmi"]
[SourceDate "2008.03.19"]

1. e4 c6 2. d4 g6 3. c4 Bg7 4. Nc3 d6 5. Be3 Nf6 6. h3 O-O 7. Bd3 Nbd7 8. f4 e5
9. Nf3 Nh5 10. g4 exd4 11. Nxd4 Bxd4 12. Bxd4 Nxf4 13. Bc2 Ne5 14. b3 Qh4+ 15.
Bf2 Qf6 16. Kd2 Nxh3 17. Be3 Nf3+ 18. Kd3 Bxg4 19. Qf1 Nf4+ 20. Bxf4 Qd4+ 21.
Ke2 Nh2+ 0-1

[Event "Foxwoods Open 2008"]
[Site "Connecticut USA"]
[Date "2008.03.20"]
[Round "3"]
[White "Kruml, Joseph"]
[Black "Zlotnikov, Mikhail"]
[Result "1-0"]
[WhiteElo "2170"]
[BlackElo "2379"]
[PlyCount "63"]
[EventDate "2008.03.19"]
[EventType "swiss"]
[EventRounds "9"]
[EventCountry "USA"]
[Source "lmi"]
[SourceDate "2008.03.19"]

1. e4 g6 2. d4 Bg7 3. Nc3 c6 4. f4 Qb6 5. Nf3 d6 6. h3 Nf6 7. Bd3 O-O 8. e5 Nd5
9. Nxd5 cxd5 10. c3 dxe5 11. fxe5 Nc6 12. Qb3 Qxb3 13. axb3 f6 14. exf6 Bxf6
15. Bh6 Bg7 16. Bxg7 Kxg7 17. O-O Bf5 18. Bb5 Rf6 19. Bxc6 Rxc6 20. b4 Rf6 21.
Ne5 a6 22. Ra5 Be4 23. Rc5 Rxf1+ 24. Kxf1 Kf6 25. Rc7 b5 26. Rb7 h5 27. h4 a5
28. Rxb5 axb4 29. Rxb4 Ra1+ 30. Kf2 Rc1 31. Rb6+ e6 32. Rb7 1-0

[Event "Foxwoods Open 2008"]
[Site "Connecticut USA"]
[Date "2008.03.20"]
[Round "3"]
[White "Slatin, David W"]
[Black "Terrie, Henry L"]
[Result "1/2-1/2"]
[WhiteElo "2085"]
[BlackElo "2200"]
[PlyCount "39"]
[EventDate "2008.03.19"]
[EventType "swiss"]
[EventRounds "9"]
[EventCountry "USA"]
[Source "lmi"]
[SourceDate "2008.03.19"]

1. e4 c5 2. Nf3 e6 3. d3 Nc6 4. g3 d5 5. Nbd2 Bd6 6. Bg2 Nge7 7. O-O O-O 8. Re1
Qc7 9. c3 Bd7 10. Qe2 f6 11. Bh3 e5 12. Bxd7 Qxd7 13. exd5 Nxd5 14. Nb3 Rfe8
15. Be3 Nxe3 16. Qxe3 b6 17. Qe4 Bf8 18. Rad1 Rad8 19. Nfd2 Qd5 20. Nf1 1/2-1/2

[Event "Foxwoods Open 2008"]
[Site "Connecticut USA"]
[Date "2008.03.20"]
[Round "3"]
[White "Iwo, Okechukwu"]
[Black "Forget, Luc"]
[Result "1-0"]
[WhiteElo "2190"]
[BlackElo "2105"]
[PlyCount "57"]
[EventDate "2008.03.19"]
[EventType "swiss"]
[EventRounds "9"]
[EventCountry "USA"]
[Source "lmi"]
[SourceDate "2008.03.19"]

1. Nf3 Nf6 2. c4 e6 3. g3 b6 4. Bg2 Bb7 5. O-O Be7 6. b3 O-O 7. Bb2 d5 8. e3 c5
9. Nc3 Nc6 10. cxd5 exd5 11. d4 Rb8 12. Rc1 cxd4 13. Nxd4 Nxd4 14. Qxd4 Bc5 15.
Qa4 Qe7 16. Rfd1 Rfd8 17. Rc2 a5 18. Qh4 Bc6 19. Ne2 Rbc8 20. Bxf6 Qxf6 21.
Qxf6 gxf6 22. Nf4 a4 23. Bxd5 axb3 24. axb3 Bxd5 25. Rxd5 Bb4 26. Rxd8+ Rxd8
27. Rc6 Rd6 28. Rxd6 Bxd6 29. Nd5 1-0

[Event "Foxwoods Open 2008"]
[Site "Connecticut USA"]
[Date "2008.03.21"]
[Round "4"]
[White "Lenderman, Alex"]
[Black "Sadvakasov, Darmen"]
[Result "0-1"]
[WhiteElo "2536"]
[BlackElo "2617"]
[PlyCount "78"]
[EventDate "2008.03.19"]
[EventType "swiss"]
[EventRounds "9"]
[EventCountry "USA"]
[Source "lmi"]
[SourceDate "2008.03.19"]

1. e4 c5 2. c3 e6 3. Nf3 Nc6 4. d4 d5 5. exd5 exd5 6. Bb5 Bd6 7. Be3 c4 8. b3
cxb3 9. axb3 Nge7 10. O-O O-O 11. Bd3 h6 12. Qd2 Bf5 13. Bxf5 Nxf5 14. Qd3 Qd7
15. Nbd2 Rfe8 16. Rfe1 Re7 17. b4 b6 18. Nb3 Rae8 19. b5 Nd8 20. Bd2 Re4 21. c4
dxc4 22. Qxc4 Rxe1+ 23. Bxe1 Bb8 24. Bb4 Ne6 25. Rc1 Nf4 26. Kf1 Nd5 27. Bd2
Nfe7 28. Ne5 Bxe5 29. dxe5 Ng6 30. f4 Ndxf4 31. Bxf4 Nxf4 32. Qxf4 Qd3+ 33. Kf2
Qxb3 34. Rc7 Qd5 35. Rxa7 Rxe5 36. g4 Re4 37. Qb8+ Kh7 38. Qxb6 Qd2+ 39. Kf3
Qf4+ 0-1

[Event "Foxwoods Open 2008"]
[Site "Connecticut USA"]
[Date "2008.03.21"]
[Round "4"]
[White "Hess, Robert L"]
[Black "Arkell, Keith C"]
[Result "1-0"]
[WhiteElo "2481"]
[BlackElo "2563"]
[PlyCount "117"]
[EventDate "2008.03.19"]
[EventType "swiss"]
[EventRounds "9"]
[EventCountry "USA"]
[Source "lmi"]
[SourceDate "2008.03.19"]

1. e4 c6 2. Nc3 d5 3. Nf3 Bg4 4. h3 Bxf3 5. Qxf3 Nf6 6. d3 e6 7. g3 Bb4 8. a3
Qa5 9. Bd2 d4 10. Nb1 Bxd2+ 11. Nxd2 e5 12. h4 c5 13. Bh3 Nc6 14. Qe2 O-O 15.
f4 c4 16. O-O cxd3 17. cxd3 exf4 18. gxf4 Rfe8 19. b4 Qd8 20. Qf3 Nd7 21. Rf2
Nf8 22. Qg3 Qf6 23. Kh2 Qg6 24. Rc1 Rad8 25. Rc5 Qxg3+ 26. Kxg3 Ne6 27. Bxe6
Rxe6 28. Nb3 Rg6+ 29. Rg5 f6 30. Rxg6 hxg6 31. Rc2 g5 32. hxg5 fxg5 33. fxg5
Ne5 34. Rd2 Kf7 35. Kf4 Ng6+ 36. Kf5 Ne7+ 37. Kg4 Ng6 38. Rf2+ Ke7 39. Rf5 b6
40. Kh5 Nf8 41. Re5+ Ne6 42. Kg6 Rd6 43. Nd2 Kd7 44. Nc4 Rc6 45. Kf7 Nf4 46.
Re7+ Kd8 47. Ne5 Rc3 48. Rxa7 Nxd3 49. Nxd3 Rxd3 50. e5 Rf3+ 51. Ke6 Kc8 52.
Rxg7 Rf8 53. Rh7 d3 54. Rh1 Re8+ 55. Kf5 Rf8+ 56. Ke4 d2 57. g6 Rf2 58. Rd1
Re2+ 59. Kf3 1-0

[Event "Foxwoods Open 2008"]
[Site "Connecticut USA"]
[Date "2008.03.21"]
[Round "4"]
[White "Bonin, Jay"]
[Black "Friedel, Joshua E"]
[Result "1/2-1/2"]
[WhiteElo "2385"]
[BlackElo "2531"]
[PlyCount "46"]
[EventDate "2008.03.19"]
[EventType "swiss"]
[EventRounds "9"]
[EventCountry "USA"]
[Source "lmi"]
[SourceDate "2008.03.19"]

1. d4 Nf6 2. Nf3 e6 3. c4 b6 4. g3 Ba6 5. Nbd2 c5 6. Bg2 Bb7 7. e4 cxd4 8. Nxd4
Bb4 9. Qe2 Nc6 10. Nxc6 Bxc6 11. O-O O-O 12. e5 Bxg2 13. Kxg2 Ne8 14. Ne4 f5
15. exf6 Nxf6 16. Bg5 Be7 17. Bxf6 gxf6 18. f4 f5 19. Nf2 Qc7 20. Rad1 Rf7 21.
b3 Bf6 22. Qf3 Rc8 23. Nd3 Bg5 1/2-1/2

[Event "Foxwoods Open 2008"]
[Site "Connecticut USA"]
[Date "2008.03.21"]
[Round "4"]
[White "Ivanov, Alexander"]
[Black "Liu, Elliott"]
[Result "1-0"]
[WhiteElo "2622"]
[BlackElo "2305"]
[PlyCount "78"]
[EventDate "2008.03.19"]
[EventType "swiss"]
[EventRounds "9"]
[EventCountry "USA"]
[Source "lmi"]
[SourceDate "2008.03.19"]

1. e4 c5 2. Nf3 e6 3. d4 cxd4 4. Nxd4 Nf6 5. Nc3 Nc6 6. Nxc6 bxc6 7. e5 Nd5 8.
Ne4 Bb7 9. Qe2 c5 10. a3 f5 11. Ng5 Be7 12. c4 Bxg5 13. Qh5+ g6 14. Qxg5 Ne7
15. h4 Nc6 16. Bf4 Nd4 17. Qxd8+ Rxd8 18. Rd1 Bc6 19. b4 Ba4 20. Rxd4 cxd4 21.
Kd2 Kf7 22. Kd3 h6 23. Rh3 g5 24. hxg5 hxg5 25. Bxg5 Rxh3+ 26. gxh3 Rg8 27. h4
Bd1 28. Kxd4 Bf3 29. b5 Rc8 30. a4 Rb8 31. a5 a6 32. Bd3 Ra8 33. b6 Bb7 34. h5
Rh8 35. h6 Kg6 36. f4 Rc8 37. Bc2 Kh7 38. Ba4 Bc6 39. Bxc6 dxc6 1-0

[Event "Foxwoods Open 2008"]
[Site "Connecticut USA"]
[Date "2008.03.21"]
[Round "4"]
[White "Friedman, Josef I"]
[Black "Yeager, Daniel A"]
[Result "0-1"]
[WhiteElo "2208"]
[BlackElo "2320"]
[PlyCount "98"]
[EventDate "2008.03.19"]
[EventType "swiss"]
[EventRounds "9"]
[EventCountry "USA"]
[Source "lmi"]
[SourceDate "2008.03.19"]

1. Nf3 c5 2. e4 d6 3. Bb5+ Nd7 4. O-O Ngf6 5. Re1 a6 6. Bf1 e6 7. a4 b6 8. Na3
Bb7 9. d3 Be7 10. Nc4 O-O 11. Bf4 Qc7 12. e5 dxe5 13. Nfxe5 Nxe5 14. Bxe5 Qc6
15. Qe2 Rad8 16. h3 Nd5 17. Qg4 Bf6 18. Qg3 Bxe5 19. Qxe5 Rfe8 20. Qg3 f6 21.
Ne3 e5 22. Nxd5 Qxd5 23. Rad1 Qd4 24. b3 Ra8 25. Qe3 b5 26. Ra1 Bc6 27. axb5
axb5 28. Rxa8 Rxa8 29. Qxd4 cxd4 30. Be2 Ra2 31. Rc1 b4 32. Kf1 Kf7 33. g3 Ke6
34. Ke1 Bd5 35. Bd1 f5 36. Rb1 e4 37. Kd2 Ke5 38. Be2 g5 39. Bf1 h5 40. h4 gxh4
41. gxh4 Kf4 42. dxe4 fxe4 43. Be2 d3 44. Bd1 dxc2 45. Bxc2 Kf3 46. Re1 Kxf2
47. Re2+ Kf3 48. Re3+ Kf4 49. Rh3 e3+ 0-1

[Event "Foxwoods Open 2008"]
[Site "Connecticut USA"]
[Date "2008.03.21"]
[Round "4"]
[White "Vigorito, David"]
[Black "Chan, Julian M"]
[Result "1-0"]
[WhiteElo "2479"]
[BlackElo "2123"]
[PlyCount "95"]
[EventDate "2008.03.19"]
[EventType "swiss"]
[EventRounds "9"]
[EventCountry "USA"]
[Source "lmi"]
[SourceDate "2008.03.19"]

1. c4 c5 2. Nf3 Nc6 3. d4 cxd4 4. Nxd4 Qb6 5. Nc2 e6 6. Nc3 Nf6 7. e3 Be7 8.
Be2 O-O 9. O-O Rd8 10. e4 d6 11. Rb1 Qc7 12. Be3 b6 13. f4 Bb7 14. Bf3 Rac8 15.
Rc1 Rd7 16. g4 Qd8 17. g5 Ne8 18. Qd2 Na5 19. b3 Nc7 20. Rcd1 Qe8 21. Nd4 Nc6
22. Nde2 Rcd8 23. Bg2 Bf8 24. Ng3 Ne7 25. Bh3 Ng6 26. Qf2 Re7 27. Bg2 Red7 28.
Rfe1 Bc6 29. a4 Ra8 30. Nf1 Qd8 31. h4 d5 32. exd5 exd5 33. f5 Bb4 34. Bd4 Ne7
35. f6 Ng6 36. fxg7 Ne6 37. Bf6 Qc8 38. Nxd5 Bxe1 39. Rxe1 Bxd5 40. Bxd5 Rxd5
41. cxd5 Nef4 42. Qg3 Nxd5 43. Bd4 Ndf4 44. Nh2 Nh3+ 45. Kh1 Ngf4 46. Qf3 h5
47. gxh6 Qd8 48. Ng4 1-0

[Event "Foxwoods Open 2008"]
[Site "Connecticut USA"]
[Date "2008.03.21"]
[Round "4"]
[White "Alvarez, Franklin"]
[Black "Harper, Warren"]
[Result "1/2-1/2"]
[WhiteElo "2216"]
[BlackElo "2347"]
[PlyCount "63"]
[EventDate "2008.03.19"]
[EventType "swiss"]
[EventRounds "9"]
[EventCountry "USA"]
[Source "lmi"]
[SourceDate "2008.03.19"]

1. e4 c5 2. Nf3 d6 3. d4 cxd4 4. Nxd4 Nf6 5. Nc3 g6 6. Be3 Bg7 7. Bc4 O-O 8. f3
Nc6 9. Qd2 Ne5 10. Bb3 Bd7 11. Bh6 Bxh6 12. Qxh6 Qa5 13. h4 Rfc8 14. O-O-O Rxc3
15. bxc3 Qxc3 16. Kb1 a5 17. h5 a4 18. hxg6 axb3 19. gxh7+ Kh8 20. cxb3 Nd3 21.
Qd2 Qxd4 22. Qxd3 Qxd3+ 23. Rxd3 Nxh7 24. Rd5 Kg7 25. Rdh5 Nf8 26. g4 Kf6 27.
g5+ Kg7 28. Kb2 Ne6 29. Rh7+ Kg6 30. R1h6+ Kxg5 31. Rh5+ Kg6 32. R7h6+ 1/2-1/2

[Event "Foxwoods Open 2008"]
[Site "Connecticut USA"]
[Date "2008.03.21"]
[Round "4"]
[White "Belliard, Luis"]
[Black "Ardaman, Miles F"]
[Result "1-0"]
[WhiteElo "2201"]
[BlackElo "2334"]
[PlyCount "73"]
[EventDate "2008.03.19"]
[EventType "swiss"]
[EventRounds "9"]
[EventCountry "USA"]
[Source "lmi"]
[SourceDate "2008.03.19"]

1. d4 c5 2. d5 b5 3. a4 Qa5+ 4. Bd2 b4 5. g3 d6 6. Bg2 Ba6 7. c3 Nd7 8. Nh3 g6
9. Nf4 Bg7 10. h4 h6 11. Qc2 Ne5 12. O-O Rb8 13. cxb4 cxb4 14. Rc1 Nc4 15. Nd3
Nf6 16. Na3 Nxd2 17. Qxd2 Bxd3 18. exd3 O-O 19. Nc4 Qd8 20. Ne3 Nd7 21. d4 Qb6
22. Rc4 b3 23. a5 Qd8 24. Rac1 f5 25. Rc7 a6 26. Ra7 Rc8 27. Rc6 Nb8 28. Rb6 f4
29. gxf4 Rxf4 30. Rbb7 Bxd4 31. Qd3 Rc1+ 32. Bf1 Kf7 33. Ra8 Bxe3 34. Qxe3 Rg4+
35. Kh2 Rxf1 36. Qe6+ Kg7 37. Rxe7+ 1-0

[Event "Foxwoods Open 2008"]
[Site "Connecticut USA"]
[Date "2008.03.21"]
[Round "4"]
[White "Reichstein, Boris"]
[Black "Dougherty, Michael"]
[Result "0-1"]
[WhiteElo "2200"]
[BlackElo "2296"]
[PlyCount "130"]
[EventDate "2008.03.19"]
[EventType "swiss"]
[EventRounds "9"]
[EventCountry "USA"]
[Source "lmi"]
[SourceDate "2008.03.19"]

1. e4 c5 2. Nf3 Nc6 3. d4 cxd4 4. Nxd4 Nf6 5. Nc3 d6 6. Be2 g6 7. Be3 Bg7 8.
O-O O-O 9. Qd2 Ng4 10. Bxg4 Bxg4 11. f3 Bd7 12. Nce2 b5 13. Nxc6 Bxc6 14. Bd4
Qc7 15. Bxg7 Kxg7 16. c3 Bd7 17. Nd4 a5 18. a3 Rfc8 19. f4 Qc5 20. Kh1 e5 21.
Nf3 exf4 22. Qxf4 Be6 23. Rad1 Ra6 24. Ng5 Qe5 25. Qh4 h6 26. Nf3 Qc5 27. Nd4
Qe5 28. Nf3 Qc5 29. Nd4 Qe5 30. Nxe6+ Qxe6 31. Rd4 Rc4 32. Qf2 Rac6 33. h3 b4
34. axb4 axb4 35. cxb4 Rc2 36. Qf4 Rxb2 37. Rfd1 Qe5 38. Qxe5+ dxe5 39. Rd5
Rcc2 40. Rg1 Kf6 41. Rc5 Rxc5 42. bxc5 Rc2 43. Rf1+ Ke6 44. Kg1 Rxc5 45. Kf2
Rc2+ 46. Kf3 Rc3+ 47. Kf2 f5 48. exf5+ gxf5 49. Ra1 Kf6 50. Ra2 Kg5 51. Rb2 h5
52. Re2 Kf4 53. Ra2 e4 54. Rb2 h4 55. Ra2 e3+ 56. Ke2 Kg3 57. Ra5 f4 58. Rg5+
Kh2 59. Rg4 Rc2+ 60. Ke1 Rf2 61. Kd1 Kh1 62. Ke1 Kg1 63. Rxh4 Kxg2 64. Rh8 Kf3
65. Rf8 Rh2 0-1

[Event "Foxwoods Open 2008"]
[Site "Connecticut USA"]
[Date "2008.03.21"]
[Round "4"]
[White "Terrie, Henry L"]
[Black "Strunk, Adam P"]
[Result "1/2-1/2"]
[WhiteElo "2200"]
[BlackElo "2126"]
[PlyCount "46"]
[EventDate "2008.03.19"]
[EventType "swiss"]
[EventRounds "9"]
[EventCountry "USA"]
[Source "lmi"]
[SourceDate "2008.03.19"]

1. c4 Nf6 2. Nc3 g6 3. Nf3 Bg7 4. e4 d6 5. d4 O-O 6. Be2 e5 7. dxe5 dxe5 8.
Qxd8 Rxd8 9. Bg5 c6 10. Nxe5 Re8 11. O-O-O Na6 12. f4 h6 13. Bh4 g5 14. Bg3 Nc5
15. Bf3 g4 16. Bf2 Bf8 17. Be2 Ncxe4 18. Nxe4 Nxe4 19. Bh4 h5 20. Bd3 Bh6 21.
Kc2 Bxf4 22. Nxf7 Nc5 23. Rhf1 Nxd3 1/2-1/2

[Event "Foxwoods Open 2008"]
[Site "Connecticut USA"]
[Date "2008.03.21"]
[Round "4"]
[White "Iwu, Okechukwu A"]
[Black "Moroney, Timothy M"]
[Result "1-0"]
[WhiteElo "2190"]
[BlackElo "2018"]
[PlyCount "63"]
[EventDate "2008.03.19"]
[EventType "swiss"]
[EventRounds "9"]
[EventCountry "USA"]
[Source "lmi"]
[SourceDate "2008.03.19"]

1. Nf3 Nf6 2. c4 c5 3. g3 b6 4. Bg2 Bb7 5. O-O e6 6. b3 Be7 7. Bb2 O-O 8. e3
Qc7 9. Nc3 a6 10. Rc1 d6 11. Qe2 Nbd7 12. Rfd1 Rac8 13. d4 Qb8 14. Bh3 cxd4 15.
exd4 d5 16. Ne5 dxc4 17. Nxd7 Nxd7 18. bxc4 Bf6 19. Ne4 Bxe4 20. Qxe4 b5 21.
Bf1 bxc4 22. Ba3 Nb6 23. Bxf8 Kxf8 24. Qxh7 Qc7 25. Qh5 c3 26. Bxa6 Ra8 27. Qe2
Na4 28. Bb5 Ra5 29. Bxa4 Rxa4 30. Qb5 Rxd4 31. Rxd4 Bxd4 32. Qb4+ 1-0

[Event "Foxwoods Open 2008"]
[Site "Connecticut USA"]
[Date "2008.03.21"]
[Round "4"]
[White "Boor, Carl Brando"]
[Black "Hanken, Jerry"]
[Result "1-0"]
[WhiteElo "2337"]
[BlackElo "2200"]
[PlyCount "71"]
[EventDate "2008.03.19"]
[EventType "swiss"]
[EventRounds "9"]
[EventCountry "USA"]
[Source "lmi"]
[SourceDate "2008.03.19"]

1. Nf3 g6 2. c4 c5 3. d4 Bg7 4. e4 cxd4 5. Nxd4 Nc6 6. Be3 Nf6 7. Nc3 O-O 8.
Be2 d6 9. O-O a6 10. Rb1 Ne5 11. f3 Be6 12. Nxe6 fxe6 13. Qb3 Nf7 14. Rfd1 Qd7
15. c5 Nd8 16. e5 Ne8 17. exd6 exd6 18. cxd6 Kh8 19. Bc4 b5 20. Be2 Nb7 21. a4
Na5 22. Qa3 Nc4 23. Bxc4 bxc4 24. Ne4 Nf6 25. Nxf6 Bxf6 26. Bd4 e5 27. Bc3 Rab8
28. Qc5 Qxa4 29. d7 Qb5 30. Rd5 Qxc5+ 31. Rxc5 Rb5 32. Rc8 Kg8 33. Ra1 Rd5 34.
Rxa6 Rxd7 35. Rxf8+ Kxf8 36. Rxf6+ 1-0

[Event "Foxwoods Open 2008"]
[Site "Connecticut USA"]
[Date "2008.03.21"]
[Round "5"]
[White "Stripunsky, Alexander"]
[Black "Bonin, Jay"]
[Result "1/2-1/2"]
[WhiteElo "2628"]
[BlackElo "2385"]
[PlyCount "68"]
[EventDate "2008.03.19"]
[EventType "swiss"]
[EventRounds "9"]
[EventCountry "USA"]
[Source "lmi"]
[SourceDate "2008.03.19"]

1. e4 Nc6 2. Nf3 d6 3. d4 Nf6 4. Nc3 Bg4 5. Be3 e6 6. h3 Bxf3 7. Qxf3 d5 8. e5
Nd7 9. a3 f6 10. Qg4 Qe7 11. f4 O-O-O 12. Na4 g5 13. exf6 Nxf6 14. Qxg5 Rg8 15.
Qh4 Ne4 16. Qxe7 Bxe7 17. g4 Bh4+ 18. Kd1 Bf2 19. Ke2 Nxd4+ 20. Bxd4 Bxd4 21.
Bg2 Ng3+ 22. Kd3 Bf2 23. Rh2 Rgf8 24. Bf3 Rxf4 25. Rxf2 Rdf8 26. Nc5 Rxf3+ 27.
Rxf3 Rxf3+ 28. Kd4 Ne2+ 29. Ke5 Re3+ 30. Kf6 Rxh3 31. Nxe6 Kd7 32. Ng5 Rh6+ 33.
Ke5 Rh4 34. Kxd5 Rxg4 1/2-1/2

[Event "Foxwoods Open 2008"]
[Site "Connecticut USA"]
[Date "2008.03.21"]
[Round "5"]
[White "Arkell, Keith C"]
[Black "Enkhbat, Tegshsuren"]
[Result "0-1"]
[WhiteElo "2563"]
[BlackElo "2429"]
[PlyCount "82"]
[EventDate "2008.03.19"]
[EventType "swiss"]
[EventRounds "9"]
[EventCountry "USA"]
[Source "lmi"]
[SourceDate "2008.03.19"]

1. d4 d5 2. c4 c6 3. Nf3 Nf6 4. Nc3 a6 5. e3 b5 6. b3 Bg4 7. Be2 e6 8. O-O Nbd7
9. h3 Bf5 10. Bd3 Bd6 11. a4 b4 12. Bxf5 exf5 13. Ne2 O-O 14. Qc2 g6 15. Bb2
Qe7 16. Rac1 Ne4 17. cxd5 cxd5 18. Qc6 Ndf6 19. Nf4 Rfd8 20. Qc2 Bxf4 21. exf4
Nh5 22. g3 f6 23. Qd3 Qb7 24. Rc2 Rac8 25. Rfc1 Ng7 26. Ne1 Nd6 27. Qe2 Rxc2
28. Rxc2 Re8 29. Qd1 Ne6 30. Nd3 a5 31. Nc5 Qa7 32. Qd3 Kf7 33. Kg2 Re7 34. Bc1
Ne4 35. f3 N4xc5 36. dxc5 Nxc5 37. Qxd5+ Ne6 38. Bb2 Rd7 39. Qc4 Qe3 40. Re2
Rd2 41. Kf1 Rd1+ 0-1

[Event "Foxwoods Open 2008"]
[Site "Connecticut USA"]
[Date "2008.03.21"]
[Round "5"]
[White "Yeager, Daniel A"]
[Black "Lenderman, Alex"]
[Result "1/2-1/2"]
[WhiteElo "2320"]
[BlackElo "2536"]
[PlyCount "80"]
[EventDate "2008.03.19"]
[EventType "swiss"]
[EventRounds "9"]
[EventCountry "USA"]
[Source "lmi"]
[SourceDate "2008.03.19"]

1. d4 d5 2. c4 c6 3. Nc3 Nf6 4. e3 Bf5 5. cxd5 Nxd5 6. Nf3 e6 7. Bd3 Bb4 8. O-O
Bxc3 9. bxc3 Nxc3 10. Qc2 Bxd3 11. Qxd3 Nd5 12. Ba3 Nd7 13. e4 Ne7 14. d5 Nf6
15. Qb3 Qb6 16. Qa4 Qb5 17. Qxb5 cxb5 18. dxe6 Nc6 19. e5 Ng4 20. Ng5 b4 21.
exf7+ Ke7 22. Bb2 Rad8 23. h3 Nh6 24. e6 Nf5 25. Rad1 Nfd4 26. Rfe1 Rd5 27. Nf3
Nxf3+ 28. gxf3 Rhd8 29. Rxd5 Rxd5 30. f4 Kf8 31. Kg2 a5 32. Re3 Ne7 33. a3 Nf5
34. Re2 Ne7 35. axb4 axb4 36. Re3 b5 37. Re4 Nc6 38. Re3 Ne7 39. Re4 Nc6 40.
Re3 Ne7 1/2-1/2

[Event "Foxwoods Open 2008"]
[Site "Connecticut USA"]
[Date "2008.03.21"]
[Round "5"]
[White "Ippolito, Dean J"]
[Black "Rogers, Norman"]
[Result "1-0"]
[WhiteElo "2495"]
[BlackElo "2266"]
[PlyCount "83"]
[EventDate "2008.03.19"]
[EventType "swiss"]
[EventRounds "9"]
[EventCountry "USA"]
[Source "lmi"]
[SourceDate "2008.03.19"]

1. d4 Nf6 2. c4 g6 3. Nf3 Bg7 4. g3 O-O 5. Bg2 d6 6. O-O Nbd7 7. Nc3 e5 8. e4
a5 9. h3 c6 10. Be3 exd4 11. Nxd4 Re8 12. Qc2 Qe7 13. Rfe1 Nc5 14. Rad1 Nfd7
15. f4 h5 16. Bf2 Nf8 17. Nb3 Nfd7 18. Rd2 a4 19. Nd4 Nf8 20. b4 axb3 21. axb3
h4 22. g4 Ra3 23. Rb1 Nfe6 24. Nde2 g5 25. fxg5 Nxg5 26. Nd4 Be5 27. Kh1 Qf6
28. Rf1 Qg7 29. Nce2 Bd7 30. Ng1 Qh7 31. Nf5 Bxf5 32. exf5 Rxb3 33. Bxc5 Rc3
34. Qd1 dxc5 35. Rd8 Rxd8 36. Qxd8+ Kg7 37. Qxg5+ Kh8 38. Qd8+ Qg8 39. Qxh4+
Qh7 40. Qd8+ Qg8 41. Qe7 f6 42. Nf3 1-0

[Event "Foxwoods Open 2008"]
[Site "Connecticut USA"]
[Date "2008.03.21"]
[Round "5"]
[White "Williams, Christopher"]
[Black "Paragua, Mark C"]
[Result "0-1"]
[WhiteElo "2257"]
[BlackElo "2489"]
[PlyCount "78"]
[EventDate "2008.03.19"]
[EventType "swiss"]
[EventRounds "9"]
[EventCountry "USA"]
[Source "lmi"]
[SourceDate "2008.03.19"]

1. d4 Nf6 2. Nf3 d5 3. c4 c6 4. cxd5 cxd5 5. Nc3 Nc6 6. Bf4 a6 7. Rc1 Bf5 8.
Ne5 e6 9. e3 Qb6 10. Bd3 Nxe5 11. Bxe5 Bxd3 12. Qxd3 Nd7 13. Bg3 Qxb2 14. O-O
Bb4 15. Nb1 Qxa2 16. Rc7 Qa4 17. Nc3 Qa3 18. Qc2 Ba5 19. Nb1 Qb4 20. Rc8+ Ke7
21. Rxa8 Rxa8 22. Qxh7 g6 23. Bf4 Rc8 24. Qh4+ Ke8 25. Qg3 Qb2 26. e4 dxe4 27.
Qe3 Rc4 28. Qh3 Qxd4 29. Be3 Qd3 30. Qh8+ Nf8 31. Qa1 Bb4 32. Qa4+ Nd7 33. Qa1
e5 34. h3 f5 35. Qa2 Qc2 36. Qa1 f4 37. Bc1 Qd3 38. Na3 Rc3 39. Nb1 Qxf1+ 0-1

[Event "Foxwoods Open 2008"]
[Site "Connecticut USA"]
[Date "2008.03.21"]
[Round "5"]
[White "Dougherty, Michael"]
[Black "Belliard, Luis"]
[Result "1/2-1/2"]
[WhiteElo "2296"]
[BlackElo "2201"]
[PlyCount "62"]
[EventDate "2008.03.19"]
[EventType "swiss"]
[EventRounds "9"]
[EventCountry "USA"]
[Source "lmi"]
[SourceDate "2008.03.19"]

1. Nf3 d5 2. b3 Bf5 3. Bb2 e6 4. e3 Nf6 5. d4 c6 6. Bd3 Bg6 7. Nbd2 Nbd7 8. O-O
Ne4 9. Ne5 Nxe5 10. Bxe4 Nd7 11. Bf3 Bd6 12. g3 Bf5 13. e4 Bh3 14. Re1 O-O 15.
c4 dxe4 16. Nxe4 Be7 17. d5 cxd5 18. cxd5 e5 19. d6 Bg5 20. Bg4 Bxg4 21. Qxg4
Bh6 22. Qf5 Re8 23. Rad1 Re6 24. h4 Qb6 25. Ng5 Bxg5 26. hxg5 Rxd6 27. Bxe5
Nxe5 28. Rxd6 Qxd6 29. Qxe5 Qxe5 30. Rxe5 Kf8 31. Rc5 Re8 1/2-1/2

[Event "Foxwoods Open 2008"]
[Site "Connecticut USA"]
[Date "2008.03.21"]
[Round "5"]
[White "Gulamali, Kazim"]
[Black "Sells, Philip G"]
[Result "1-0"]
[WhiteElo "2382"]
[BlackElo "1955"]
[PlyCount "55"]
[EventDate "2008.03.19"]
[EventType "swiss"]
[EventRounds "9"]
[EventCountry "USA"]
[Source "lmi"]
[SourceDate "2008.03.19"]

1. e4 c5 2. Nf3 e6 3. d4 cxd4 4. Nxd4 Nf6 5. Nc3 d6 6. g4 h6 7. Bg2 a6 8. h3
Qc7 9. Be3 Bd7 10. f4 Bc6 11. Qe2 b5 12. O-O-O Be7 13. Rhe1 b4 14. Nd5 exd5 15.
exd5 Bb5 16. Qf2 O-O 17. Nf5 Bd8 18. Nxg7 Kxg7 19. Bd4 Nbd7 20. g5 Rh8 21. Be4
hxg5 22. fxg5 Ne5 23. gxf6+ Kf8 24. Qf4 Rc8 25. Qg5 Ng6 26. Bxg6 fxg6 27. Qxg6
Qf7 28. Qg7+ 1-0

[Event "Foxwoods Open 2008"]
[Site "Connecticut USA"]
[Date "2008.03.21"]
[Round "5"]
[White "Filipovich, David"]
[Black "Slatin, David W"]
[Result "1-0"]
[WhiteElo "2229"]
[BlackElo "2085"]
[PlyCount "69"]
[EventDate "2008.03.19"]
[EventType "swiss"]
[EventRounds "9"]
[EventCountry "USA"]
[Source "lmi"]
[SourceDate "2008.03.19"]

1. Nf3 Nf6 2. g3 g6 3. Bg2 Bg7 4. O-O O-O 5. d4 d6 6. c4 Nbd7 7. Qc2 c6 8. e4
e5 9. Rd1 Qc7 10. h3 Re8 11. dxe5 dxe5 12. c5 Nf8 13. Be3 Ne6 14. Nbd2 Nd7 15.
Nc4 Rd8 16. Nd6 b6 17. b4 bxc5 18. bxc5 Ba6 19. Ng5 Nxg5 20. Bxg5 Rdb8 21. Rab1
Nf8 22. Qa4 Rxb1 23. Rxb1 Bc8 24. Ne8 Qd7 25. Nxg7 Kxg7 26. Rd1 Qb7 27. Rd6 Ne6
28. Be3 Bd7 29. Qd1 Be8 30. Qa1 Kg8 31. Qxe5 Rb8 32. Qf6 Qb4 33. Kh2 Qb2 34.
Rxe6 fxe6 35. Bd4 1-0